00276nam a22001217a 4500003000400000020001800004082001800022100002300040245002500063250001200088260004600100300000800146SGT a9789356964419 a616.024bH24M aMysore, Venkataram aHair transplantation a2nd Ed. aNew Delhi, IndiabJaypee Publishersc2024 a760